Pays d'Afrique - Mort Subite - Statistiques

Statistiques générales
  • Ce quiz a été pris 613 fois
  • Le résultat moyen est 17 sur 21
Answers on the Grid
Answers color-coded by a green-red scale on the quiz's grid according to % correct below.
Afrique du Sud
Nigéria
Indonésie
Congo
Suriname
Malawi
Maroc
Haïti
Égypte
Malte
Turquie
Algérie
Guinée
Comores
Jamaïque
Mali
Madagascar
Djibouti
Kenya
Cap Vert
Eswatini
Oman
Somalie
Érythrée
Papouasie-Nouvelle-Guinée
Burundi
Lesotho
Yémen
Ethiopie
Ouganda
 
Statistiques - réponses
Réponse % Correct
Afrique du Sud
99%
Nigéria
95%
Congo
94%
Maroc
93%
Égypte
88%
Algérie
85%
Kenya
83%
Mali
83%
Guinée
81%
Madagascar
78%
Malawi
78%
Cap Vert
77%
Somalie
76%
Comores
75%
Djibouti
75%
Burundi
74%
Eswatini
74%
Ethiopie
74%
Érythrée
73%
Lesotho
72%
Ouganda
72%
Aucun quiz correspondant
Distribution des résultats
% des personnes avec chaque résultat
Percentile par nombre de réponses
Votre historique - résultats
Vous n’avez pas pris ce quiz